| 000 | 00422nam a2200169Ia 4500 | ||
|---|---|---|---|
| 001 | 11969 | ||
| 003 | IN-NITTTR | ||
| 005 | 20251114233112.0 | ||
| 008 | 251113s9999||||xx |||||||||||||| ||eng|| | ||
| 040 | _beng | ||
| 040 | _cIN-NITTTR | ||
| 041 | _aeng | ||
| 082 | _a371.39445 B172C | ||
| 100 | _aBaker, Frank B. | ||
| 245 | 0 |
_aComputer managed instruction : _b theory and practice. / _cBaker, Frank B. |
|
| 942 |
_2ddc _cBK |
||
| 999 |
_c14605 _d14605 |
||